Statistics for Title in the Lyrics -- Songs That Start With L

Click here to take the quiz!

General Stats

  • This quiz has been taken 1,138 times
    (1,046 since last reset)
  • The average score is 6 of 15

Answer Stats

LyricsTitle% Correct
When I find myself in times of trouble / Mother Mary comes to me / Speaking words of wisdom, ___ __ __Let it Be
73%
Just gonna stand there and watch me burn / But that's alright because I like the way it hurts / Just gonna stand there and hear me cry / But that's alright because I ____ ___ ___ ___ ___Love the Way You Lie
73%
____ __ __ / When you're not strong / And I'll be your friend / I'll help you carry onLean On Me
64%
___ __ __, ___ __ __ / Can't hold it back anymore / ___ __ __, ___ __ __ / Turn away and slam the door!Let It Go
60%
'Mmm hmmm gitchi gitchi ya ya da da / Gitchi gitchi ya ya / Here / Mocca chocolata ya ya / Creole ____ _________Lady Marmalade
52%
Soy un perdedor / I'm a _____ baby, so why don't you kill me?Loser
50%
____ ___ ________, ____ ___ ________ / Go together like a horse and carriageLove and Marriage
44%
Girl ___ __ ____ ___ / And I will love you / Until you learn to love yourselfLet Me Love You
41%
Ah, freak out / __ _____, c'est chic / Freak outLe Freak
40%
Yeah, you make me feel like I've been ______ ___ __ ______ / For too long, for too longLocked Out of Heaven
34%
So kiss me and smile for me, tell me that you'll wait for me, hold me like you'll never let me go / Cause I'm _______ __ _ ___ _____ , don't know when I'll be back again / Oh, babe, I hate to goLeaving On a Jet Plane
29%
Cellophane flowers of yellow and green / Towering over your head / Look for the girl with the sun in her eyes / And she's gone / ____ __ ___ ___ ____ ________Lucy in the Sky With Diamonds
21%
I don't know where you're going / And I don't know why / But ______ __ ____ _____ / Before you tell him goodbyeListen to Your Heart
18%
__ _________, __ _________ / Ya no puede caminar / Porque no tiene, porque le falta / Marihuana que fumarLa Cucaracha
8%
Whoa, oh, oh ______ __ ___ _____ / Whoa, oh, oh ______ __ ___ _____ / Whoa, oh, oh ______ __ ___ _____ / All the tiiiiimeListen to the Music
2%

Score Distribution

Percentile by Number Answered

Percent of People with Each Score

Your Score History

You have not taken this quiz since the last reset